000 01074nam a22002297a 4500
001 6747
003 FISKH
005 20250523145611.0
008 250523b cb ||||| |||| 00| 0 eng d
020 _a8420603821
040 _aFISKH
_bFrench
_cFISKH
_dFISKH
050 _aPQ7389.C263 E3
082 _a863
100 _aCarpentier, Alejo
245 _aEcue-Yamba-O /
_cBy Alejo Carpentier
260 _aMadrid :
_bAlianza ,
_c1989.
300 _a216 pages :
_billustrations ;
_c18 cm .
520 _a"Primera novela de Alejo Carpentier, Ecue-Yamba-o prolonga, por un lado los metodos y temas del naturalismo tipicos de la literatura latinoamericana durante las dos primeras decadas del siglo XX, tambien acusa, por otro, la influencia innovadora de las preocupaciones esteticas vanguardistas, especialmente del surrealismo frances. De contenido eminentemente folclorico, esta repleta de simbolos y rituales relativos a los misterios de las creencias religiosas afrocubanas."
650 _aLiteratura hispanoamericana
_vFiction
942 _2ddc
_cBK
_n0
999 _c6747
_d6747